00488 a2200205 4500260001200000100002100012700001800033260001000051300000900061245008400070650002500154650001500179650002500194650001800219650001000237260000900247130000700256500000900263040001000272 aCotonou aLAYINKA, Fouwade aOSSENI, Waris bENEAM b42 p aAssistance comptble aux entreprises par le cabinet SIEGA-BENIN: cas de l'ABEPEC aCOMPTABILITE GESTION aENTREPRISE aASSISTANCE COMPTABLE aCABINET SIEGA aBENIN c2007 lFr a1 ex aENEAM